00281nam a22000737a 4500008004100000020002800041245011300069260002500182131101b xxu||||| |||| 00| 0 eng d a81-297-10102cAvailable aThe Mathematics of Coding Theory Information,Comprehension Error Correction,and Finite Fields cGarrett Paul aIndiabPearsonc2004